[Event "RUS-chT Blitz"]
[Site "Sochi"]
[Date "2024.10.17"]
[Round "4.12"]
[White "Khegay, Dmitriy"]
[Black "Smirnov, Timofey"]
[Result "0-1"]
[WhiteElo "2507"]
[BlackElo "2341"]
[PlyCount "124"]
[EventDate "2024.10.17"]
[EventType "team-swiss (blitz)"]
[EventRounds "11"]
[EventCountry "RUS"]
[SourceTitle "CB43_2024"]
[Source "Chessbase"]
[SourceDate "2024.10.23"]
[SourceVersion "1"]
[SourceVersionDate "2024.10.23"]
[SourceQuality "1"]
[WhiteTeam "Ekaterinburg Shkola ShakhMatOff"]
[BlackTeam "Moscow Formula Shakhmat"]
[WhiteTeamCountry "RUS"]
[BlackTeamCountry "RUS"]

1. e4 e5 2. Nf3 Nc6 3. Bc4 Bc5 4. c3 Nf6 5. d3 d6 6. Nbd2 0-0 7. Bb3 a5 8. Nf1 Ne7 9. Ng3 Ng6 10. 0-0 Bb6 11. h3 h6 12. d4 Re8 13. Re1 Be6 14. Bc2 c6 15. Be3 Bc7 16. Qd2 d5 17. exd5 Bxd5 18. Bxg6 fxg6 19. Nxe5 Bxe5 20. dxe5 Rxe5 21. Bd4 Rxe1+ 22. Rxe1 Bxa2 23. Qf4 Bf7 24. Bxf6 Qxf6 25. Qxf6 gxf6 26. Re7 b5 27. Ne4 f5 28. Nc5 Re8 29. Ra7 a4 30. Rc7 Re1+ 31. Kh2 Re2 32. Rxc6 Rxb2 33. Nd3 Re2 34. Ra6 Kg7 35. Ra7 Kf6 36. Ra6+ Re6 37. Ra5 Rd6 38. Nb4 Bc4 39. f4 g5 40. Kg3 Re6 41. Kf3 Be2+ 42. Kg3 Bc4 43. Kf3 Rd6 44. Ra7 Rd1 45. g3 gxf4 46. gxf4 Rc1 47. Ra6+ Kg7 48. Ra7+ Kf8 49. Ke3 Re1+ 50. Kf3 Ke8 51. Kf2 Re4 52. Kf3 Be2+ 53. Kf2 Bc4 54. Kf3 Re1 55. Kf2 Rc1 56. Ke3 Rxc3+ 57. Kd4 Rb3 58. Nc6 Rd3+ 59. Ke5 Rd5+ 60. Ke6 Rd7+ 61. Kxf5 Rxa7 62. Nxa7 a3 0-1

[Event "RUS-chT Blitz"]
[Site "Sochi"]
[Date "2024.10.17"]
[Round "10.16"]
[White "Smirnov, Timofey"]
[Black "Levin, Evgeny A"]
[Result "1/2-1/2"]
[WhiteElo "2341"]
[BlackElo "2469"]
[PlyCount "111"]
[EventDate "2024.10.17"]
[EventType "team-swiss (blitz)"]
[EventRounds "11"]
[EventCountry "RUS"]
[SourceTitle "CB43_2024"]
[Source "Chessbase"]
[SourceDate "2024.10.23"]
[SourceVersion "1"]
[SourceVersionDate "2024.10.23"]
[SourceQuality "1"]
[WhiteTeam "Moscow Formula Shakhmat"]
[BlackTeam "St Petersburg SSHOR"]
[WhiteTeamCountry "RUS"]
[BlackTeamCountry "RUS"]

1. Nf3 Nf6 2. g3 b6 3. Bg2 Bb7 4. 0-0 c5 5. c4 e6 6. Nc3 Be7 7. d4 cxd4 8. Nxd4 Bxg2 9. Kxg2 Qc8 10. Qd3 Nc6 11. b3 Nxd4 12. Qxd4 0-0 13. e4 d6 14. Bg5 Rd8 15. Rac1 Qb7 16. Kg1 h6 17. Bd2 d5 18. cxd5 exd5 19. exd5 Bc5 20. Qh4 Nxd5 21. Ne4 Bf8 22. Qg4 Qd7 23. Qf3 Rac8 24. Rfd1 Rxc1 25. Bxc1 Qc7 26. Bxh6 Ne7 27. Bf4 Rxd1+ 28. Qxd1 Qc6 29. Qd3 Ng6 30. Bd2 Ne5 31. Qe2 Qd5 32. Bc3 f5 33. Bxe5 fxe4 34. Bf4 Kh7 35. Be3 Be7 36. Kg2 Bf6 37. h4 Kg6 38. Qg4+ Kf7 39. h5 Qe6 40. Qg6+ Ke7 41. h6 gxh6 42. Bxh6 Bd4 43. Bg5+ Kd7 44. Qh7+ Kc6 45. Bf4 Qd5 46. Qc7+ Kb5 47. Kf1 Kb4 48. Qc2 Qb5+ 49. Kg2 Qd3 50. Qc6 Qf3+ 51. Kh3 Qh5+ 52. Kg2 Qf3+ 53. Kh3 Qh5+ 54. Kg2 Qf3+ 55. Kh3 Qh5+ 56. Kg2 1/2-1/2

[Event "RUS-chT2"]
[Site "Sochi"]
[Date "2024.05.06"]
[Round "5.4"]
[White "Smirnov, Timofey"]
[Black "Prokhorov, Aleksey"]
[Result "1/2-1/2"]
[WhiteElo "2369"]
[BlackElo "2150"]
[PlyCount "128"]
[EventDate "2024.05.01"]
[EventType "team-swiss"]
[EventRounds "9"]
[EventCountry "RUS"]
[SourceTitle "CBM 220 Extra"]
[Source "ChessBase"]
[SourceDate "2024.07.31"]
[SourceVersion "1"]
[SourceVersionDate "2024.07.31"]
[SourceQuality "1"]
[WhiteTeam "Moscow Formula Shakhmat"]
[BlackTeam "Sverdlovsk Region Sima lend"]
[WhiteTeamCountry "RUS"]
[BlackTeamCountry "RUS"]

1. e4 c5 2. Nf3 d6 3. d4 cxd4 4. Nxd4 Nf6 5. Nc3 a6 6. Be2 e5 7. Nb3 Be7 8. Be3 Be6 9. Nd5 Nxd5 10. exd5 Bf5 11. Qd2 Bg6 12. 0-0 0-0 13. a4 a5 14. Bb5 Nd7 15. c4 f5 16. Bxd7 Qxd7 17. f4 Rfc8 18. Rfc1 Qd8 19. Qf2 Bf6 20. Rc2 Bf7 21. fxe5 Bxe5 22. Nd4 Qf6 23. Nf3 f4 24. Bd4 Re8 25. Re2 Bxd4 26. Rxe8+ Rxe8 27. Nxd4 Re4 28. Rd1 Bh5 29. Rd3 Qe5 30. Qd2 Be2 31. Nf3 Bxf3 32. Rxf3 Rxc4 33. b3 Rd4 34. Qc1 h5 35. h4 Qxd5 36. Qc8+ Kh7 37. Qc2+ Kh6 38. Qc8 Qe4 39. Qh8+ Kg6 40. Qd8 Qe5 41. Kh2 Re4 42. Qc8 Qd5 43. Qc2 Kh6 44. Rd3 Qe5 45. Qd2 Kh7 46. Rd5 Qe8 47. Qd3 Qg6 48. Rg5 Qe6 49. Rxa5 g6 50. Rb5 Qe7 51. Rg5 Qe6 52. Rb5 b6 53. Qc2 Qe7 54. Rg5 f3 55. Rxh5+ gxh5 56. gxf3 Qxh4+ 57. Kg2 Qg5+ 58. Kf1 d5 59. fxe4 Qf4+ 60. Qf2 Qc1+ 61. Kg2 Qg5+ 62. Kf1 Qc1+ 63. Kg2 Qg5+ 64. Kf1 Qc1+ 1/2-1/2

[Event "Titled Tuesday intern op 23rd Apr Early"]
[Site "Chess.com INT"]
[Date "2024.04.23"]
[Round "1"]
[White "Postnikov, Daniil"]
[Black "Smirnov, Timofey"]
[Result "1-0"]
[WhiteElo "2360"]
[BlackElo "2368"]
[PlyCount "71"]
[EventDate "2024.04.23"]
[EventType "swiss (blitz)"]
[EventRounds "11"]
[EventCountry "USA"]
[SourceTitle "EXT 2025"]
[Source "ChessBase"]
[SourceDate "2024.10.14"]
[SourceVersion "1"]
[SourceVersionDate "2024.10.14"]
[SourceQuality "1"]

1. d4 d5 2. c4 c6 3. cxd5 cxd5 4. Nc3 Nc6 5. Bf4 Nf6 6. e3 a6 7. Bd3 Bg4 8. Nge2 Bxe2 9. Qxe2 e6 10. Rc1 Bd6 11. Bxd6 Qxd6 12. 0-0 0-0 13. Na4 b5 14. Nc5 Na5 15. b3 Rac8 16. h3 Nd7 17. Qc2 Nxc5 18. dxc5 Qc6 19. Bxh7+ Kh8 20. Bd3 Rc7 21. Qe2 g6 22. h4 Nb7 23. b4 a5 24. h5 Kg7 25. a3 axb4 26. axb4 e5 27. Bxb5 Qf6 28. c6 Nd6 29. Ba4 e4 30. b5 Nc4 31. Rxc4 dxc4 32. Qxc4 Rh8 33. b6 Rcc8 34. Qd4 Rxh5 35. b7 Qxd4 36. exd4 1-0

[Event "Titled Tuesday intern op 23rd Apr Early"]
[Site "Chess.com INT"]
[Date "2024.04.23"]
[Round "11"]
[White "Smirnov, Timofey"]
[Black "Guzman Lozano, Campo Elias"]
[Result "0-1"]
[WhiteElo "2368"]
[BlackElo "1902"]
[PlyCount "66"]
[EventDate "2024.04.23"]
[EventType "swiss (blitz)"]
[EventRounds "11"]
[EventCountry "USA"]
[SourceTitle "EXT 2025"]
[Source "ChessBase"]
[SourceDate "2024.10.14"]
[SourceVersion "1"]
[SourceVersionDate "2024.10.14"]
[SourceQuality "1"]

1. e4 c5 2. c3 Nf6 3. e5 Nd5 4. Bc4 e6 5. Nf3 Nb6 6. Bb3 Nc6 7. 0-0 d5 8. exd6 Qxd6 9. d3 Be7 10. g3 0-0 11. Bf4 Qd8 12. Re1 Nd5 13. Bc1 b6 14. Nbd2 Bb7 15. Ne4 h6 16. d4 cxd4 17. Nxd4 Na5 18. Bc2 Nc4 19. b3 Nd6 20. c4 Nxe4 21. Bxe4 Nc3 22. Bh7+ Kxh7 23. Qd3+ Kg8 24. Qxc3 Bf6 25. Bb2 Qd7 26. Rad1 e5 27. Ne2 Qh3 28. f3 e4 29. Nd4 exf3 30. Rf1 Rad8 31. Rxf3 Bxd4+ 32. Rxd4 Bxf3 33. Rxd8 Qg2# 0-1

[Event "Titled Tuesday intern op 09th Apr Late"]
[Site "Chess.com INT"]
[Date "2024.04.09"]
[Round "3"]
[White "Korol, Dimitry"]
[Black "Smirnov, Timofey"]
[Result "1-0"]
[WhiteElo "2287"]
[BlackElo "2368"]
[PlyCount "69"]
[EventDate "2024.04.09"]
[EventType "swiss (blitz)"]
[EventRounds "11"]
[EventCountry "USA"]
[SourceTitle "EXT 2025"]
[Source "ChessBase"]
[SourceDate "2024.10.14"]
[SourceVersion "1"]
[SourceVersionDate "2024.10.14"]
[SourceQuality "1"]

1. d4 d5 2. c4 c6 3. Nc3 Nf6 4. e3 e6 5. Nf3 a6 6. Bd3 dxc4 7. Bxc4 b5 8. Be2 c5 9. e4 Bb7 10. e5 Nd5 11. Bg5 Be7 12. Bxe7 Qxe7 13. Ne4 0-0 14. Nxc5 Nc6 15. Rc1 Rac8 16. 0-0 Rfd8 17. Ne4 Nf4 18. Nd6 Rb8 19. Qd2 Nd5 20. Rc5 h6 21. Rfc1 Na7 22. Qa5 Nc8 23. Nxb7 Rxb7 24. Qxd8+ Qxd8 25. Rxc8 Rb8 26. Rxd8+ Rxd8 27. g3 Kf8 28. a3 Ke7 29. Rc6 Ra8 30. Bd3 Kd7 31. Rd6+ Ke7 32. Kg2 g6 33. h4 b4 34. Be4 bxa3 35. bxa3 1-0

[Event "Titled Tuesday intern op 09th Apr Late"]
[Site "Chess.com INT"]
[Date "2024.04.09"]
[Round "1"]
[White "Smirnov, Timofey"]
[Black "Aalto, Patrik"]
[Result "0-1"]
[WhiteElo "2368"]
[BlackElo "2286"]
[PlyCount "60"]
[EventDate "2024.04.09"]
[EventType "swiss (blitz)"]
[EventRounds "11"]
[EventCountry "USA"]
[SourceTitle "EXT 2025"]
[Source "ChessBase"]
[SourceDate "2024.10.14"]
[SourceVersion "1"]
[SourceVersionDate "2024.10.14"]
[SourceQuality "1"]

1. e4 c5 2. c3 Nf6 3. e5 Nd5 4. Nf3 Nc6 5. Bc4 Nb6 6. Bb3 d5 7. exd6 c4 8. Bc2 Qxd6 9. 0-0 g6 10. d4 cxd3 11. Qxd3 Qxd3 12. Bxd3 Bg7 13. Re1 0-0 14. Bg5 e5 15. Nbd2 h6 16. Be3 Nd5 17. Bc5 Rd8 18. Be4 Be6 19. c4 Nf4 20. Bxc6 bxc6 21. b3 Nd3 22. Ba3 Nxe1 23. Rxe1 Bf5 24. Ne4 Bxe4 25. Rxe4 Rd1+ 26. Re1 Rad8 27. Kf1 e4 28. Rxd1 Rxd1+ 29. Ke2 exf3+ 30. Kxd1 fxg2 0-1

[Event "Titled Tuesday intern op 09th Apr Early"]
[Site "Chess.com INT"]
[Date "2024.04.09"]
[Round "1"]
[White "Smirnov, Timofey"]
[Black "Bournel, Antoine"]
[Result "0-1"]
[WhiteElo "2368"]
[BlackElo "2329"]
[PlyCount "88"]
[EventDate "2024.04.09"]
[EventType "swiss (blitz)"]
[EventRounds "11"]
[EventCountry "USA"]
[SourceTitle "EXT 2025"]
[Source "ChessBase"]
[SourceDate "2024.10.14"]
[SourceVersion "1"]
[SourceVersionDate "2024.10.14"]
[SourceQuality "1"]

1. e4 c5 2. c3 Qa5 3. Nf3 d6 4. Be2 Nf6 5. d3 Nc6 6. 0-0 g6 7. Re1 Bg7 8. Nbd2 0-0 9. Nc4 Qc7 10. Bf4 b5 11. Ne3 Nh5 12. Bg3 Nxg3 13. hxg3 a5 14. Nd5 Qd8 15. a4 b4 16. d4 e6 17. Bb5 Bb7 18. Ne3 Na7 19. e5 cxd4 20. cxd4 Rc8 21. Qe2 Bxf3 22. Qxf3 dxe5 23. dxe5 Bxe5 24. Red1 Qf6 25. Qe2 Bxb2 26. Ng4 Qg7 27. Rab1 Bc3 28. Rd7 Nxb5 29. axb5 a4 30. b6 b3 31. Qa6 h5 32. Ne3 Bd4 33. Qxa4 b2 34. Rxd4 Rc1+ 35. Rd1 Qc3 36. Kh2 Rb8 37. Qa7 Qc8 38. Qa3 Rc6 39. Rxb2 e5 40. Rdb1 Qb7 41. Qa5 Qd7 42. Qd5 Qe8 43. Qd3 e4 44. Qe2 h4 0-1

[Event "Titled Tuesday intern op 09th Apr Late"]
[Site "Chess.com INT"]
[Date "2024.04.09"]
[Round "9"]
[White "Smirnov, Timofey"]
[Black "Garcia Correa, Jose Ricardo"]
[Result "0-1"]
[WhiteElo "2368"]
[BlackElo "2103"]
[PlyCount "66"]
[EventDate "2024.04.09"]
[EventType "swiss (blitz)"]
[EventRounds "11"]
[EventCountry "USA"]
[SourceTitle "EXT 2025"]
[Source "ChessBase"]
[SourceDate "2024.10.14"]
[SourceVersion "1"]
[SourceVersionDate "2024.10.14"]
[SourceQuality "1"]

1. e4 c5 2. c3 e6 3. d4 d5 4. e5 Nc6 5. Nf3 Qb6 6. a3 Nge7 7. Be2 Nf5 8. dxc5 Bxc5 9. 0-0 h5 10. b4 Be7 11. c4 dxc4 12. Bxc4 0-0 13. Nc3 a6 14. Re1 Qc7 15. Qb3 b5 16. Bd3 Nfd4 17. Nxd4 Nxd4 18. Qb2 Bb7 19. Bf4 Rfd8 20. Be4 Rac8 21. Rac1 g5 22. Bxb7 Qxb7 23. Be3 Nf5 24. Qb1 Nh4 25. Qe4 Qxe4 26. Nxe4 Rxc1 27. Rxc1 g4 28. Nf6+ Bxf6 29. exf6 Nf5 30. Kf1 Rd3 31. g3 Rxa3 32. Rc8+ Kh7 33. Bc5 Kg6 0-1

[Event "Titled Tuesday intern op 09th Apr Late"]
[Site "Chess.com INT"]
[Date "2024.04.09"]
[Round "11"]
[White "Smirnov, Timofey"]
[Black "Gruca, Miroslav"]
[Result "0-1"]
[WhiteElo "2368"]
[BlackElo "2198"]
[PlyCount "52"]
[EventDate "2024.04.09"]
[EventType "swiss (blitz)"]
[EventRounds "11"]
[EventCountry "USA"]
[SourceTitle "EXT 2025"]
[Source "ChessBase"]
[SourceDate "2024.10.14"]
[SourceVersion "1"]
[SourceVersionDate "2024.10.14"]
[SourceQuality "1"]

1. e4 c6 2. d4 d5 3. exd5 cxd5 4. c4 Nf6 5. Nc3 Nc6 6. Nf3 a6 7. Be2 dxc4 8. Bxc4 b5 9. Bb3 Na5 10. 0-0 Nxb3 11. Qxb3 Bb7 12. Ne5 e6 13. Nxb5 Bd5 14. Qd3 axb5 15. Qxb5+ Nd7 16. Bd2 f6 17. Nc6 Qc7 18. Rac1 Bd6 19. Rfe1 Bxh2+ 20. Kh1 Qd6 21. Bb4 Bxc6 22. Rxc6 Qxd4 23. Rcxe6+ Kf7 24. Re7+ Kg6 25. Qxd7 Qxd7 26. Rxd7 Be5 0-1

[Event "Titled Tuesday intern op 09th Apr Late"]
[Site "Chess.com INT"]
[Date "2024.04.09"]
[Round "2"]
[White "Smirnov, Timofey"]
[Black "Jegorovas, Aleksandras"]
[Result "0-1"]
[WhiteElo "2368"]
[BlackElo "2270"]
[PlyCount "34"]
[EventDate "2024.04.09"]
[EventType "swiss (blitz)"]
[EventRounds "11"]
[EventCountry "USA"]
[SourceTitle "EXT 2025"]
[Source "ChessBase"]
[SourceDate "2024.10.14"]
[SourceVersion "1"]
[SourceVersionDate "2024.10.14"]
[SourceQuality "1"]

1. e4 c6 2. d4 d5 3. e5 c5 4. dxc5 Nc6 5. f4 e6 6. Be3 d4 7. Bf2 Bxc5 8. Bb5 Nge7 9. c3 Qb6 10. Bxc6+ Nxc6 11. Qb3 dxc3 12. Bxc5 cxb2 13. Bxb6 bxa1Q 14. Bc5 b6 15. Bd6 Qd4 16. Ne2 Qd5 17. Nbc3 Qxb3 0-1

[Event "Titled Tuesday intern op 05th Mar Late"]
[Site "Chess.com INT"]
[Date "2024.03.05"]
[Round "1"]
[White "Carnicelli, Valerio"]
[Black "Smirnov, Timofey"]
[Result "1-0"]
[WhiteElo "2410"]
[BlackElo "2368"]
[PlyCount "43"]
[EventDate "2024.03.05"]
[EventType "swiss (blitz)"]
[EventRounds "11"]
[EventCountry "USA"]
[SourceTitle "EXT 2025"]
[Source "ChessBase"]
[SourceDate "2024.10.14"]
[SourceVersion "1"]
[SourceVersionDate "2024.10.14"]
[SourceQuality "1"]

1. Nf3 d5 2. g3 Bf5 3. Bg2 e6 4. 0-0 Nf6 5. d3 Be7 6. Nbd2 0-0 7. Re1 c6 8. e4 dxe4 9. dxe4 Nxe4 10. Nh4 Bxh4 11. Nxe4 Bxe4 12. Bxe4 Qxd1 13. Rxd1 Rd8 14. Be3 Rxd1+ 15. Rxd1 Bf6 16. c3 Na6 17. Rd7 Rb8 18. Bxa7 Ra8 19. Rxb7 Kf8 20. Bxc6 Rd8 21. Rd7 Rxd7 22. Bxd7 1-0

[Event "Titled Tuesday intern op 05th Mar Late"]
[Site "Chess.com INT"]
[Date "2024.03.05"]
[Round "10"]
[White "Smirnov, Timofey"]
[Black "Contreras Torres, Javier"]
[Result "0-1"]
[WhiteElo "2368"]
[BlackElo "2296"]
[PlyCount "60"]
[EventDate "2024.03.05"]
[EventType "swiss (blitz)"]
[EventRounds "11"]
[EventCountry "USA"]
[SourceTitle "EXT 2025"]
[Source "ChessBase"]
[SourceDate "2024.10.14"]
[SourceVersion "1"]
[SourceVersionDate "2024.10.14"]
[SourceQuality "1"]

1. e4 e5 2. Nf3 Nc6 3. Bc4 Nf6 4. Ng5 d5 5. exd5 Na5 6. Bb5+ c6 7. dxc6 bxc6 8. Bd3 Nd5 9. Nf3 Bd6 10. 0-0 0-0 11. Re1 Qf6 12. Nc3 Bg4 13. Ne4 Qd8 14. Nxd6 Bxf3 15. Qxf3 Qxd6 16. b3 f5 17. Be2 Nb7 18. Bb2 Nc5 19. Bc4 Rae8 20. Re2 e4 21. Qg3 Qd7 22. d3 f4 23. Qh3 Qxh3 24. gxh3 f3 25. Ree1 Kh8 26. Kh1 Nf4 27. dxe4 Nxh3 28. Rf1 Nxe4 29. Bd3 Nexf2+ 30. Rxf2 Nxf2+ 0-1

[Event "Titled Tuesday intern op 05th Mar Early"]
[Site "Chess.com INT"]
[Date "2024.03.05"]
[Round "6"]
[White "Smirnov, Timofey"]
[Black "Novikova, Margarita"]
[Result "1-0"]
[WhiteElo "2368"]
[BlackElo "1999"]
[PlyCount "107"]
[EventDate "2024.03.05"]
[EventType "swiss (blitz)"]
[EventRounds "11"]
[EventCountry "USA"]
[SourceTitle "EXT 2025"]
[Source "ChessBase"]
[SourceDate "2024.10.14"]
[SourceVersion "1"]
[SourceVersionDate "2024.10.14"]
[SourceQuality "1"]

1. d4 g6 2. e4 Bg7 3. Nc3 d6 4. Bf4 Nd7 5. Nf3 e5 6. dxe5 dxe5 7. Bg5 Bf6 8. Qd2 h6 9. Bxf6 Ngxf6 10. 0-0-0 Qe7 11. Nd5 Nxd5 12. Qxd5 c6 13. Qa5 b6 14. Qc3 Bb7 15. Bc4 0-0 16. Qe3 Kg7 17. Rd2 b5 18. Bb3 c5 19. Bd5 Bxd5 20. Rxd5 f6 21. Rhd1 Rfd8 22. Qa3 b4 23. Qa4 Nb6 24. Rxd8 Rxd8 25. Qc6 Rxd1+ 26. Kxd1 Qd7+ 27. Qxd7+ Nxd7 28. Kd2 Kf7 29. Kd3 Ke6 30. Nd2 Nb6 31. b3 Kd6 32. Nc4+ Nxc4 33. Kxc4 Kc6 34. f3 f5 35. g3 a6 36. h3 h5 37. h4 Kd6 38. c3 bxc3 39. Kxc3 Kc6 40. Kc4 a5 41. a3 fxe4 42. fxe4 Kb6 43. Kd5 Kb5 44. Kxe5 a4 45. bxa4+ Kc4 46. a5 Kd3 47. a6 c4 48. a7 c3 49. a8Q c2 50. Qc8 Kd2 51. Kd5 c1Q 52. Qxc1+ Kxc1 53. e5 Kb2 54. e6 1-0